Welcome to CU Library Online Public Access Catalogue (OPAC)

The modernism handbook / (Record no. 1649)

MARC details
000 -LEADER
fixed length control field 00923cam a2200253 a 4500
001 - CONTROL NUMBER
control field 15346649
005 - DATE AND TIME OF LATEST TRANSACTION
control field 20241127164130.0
008 - FIXED-LENGTH DATA ELEMENTS--GENERAL INFORMATION
fixed length control field 080627s2009 enka bf 001 0 eng
020 ## - INTERNATIONAL STANDARD BOOK NUMBER
International Standard Book Number 9780826488428 (hardback)
020 ## - INTERNATIONAL STANDARD BOOK NUMBER
International Standard Book Number 0826488420 (hardback)
020 ## - INTERNATIONAL STANDARD BOOK NUMBER
International Standard Book Number 9780826488435 (pbk.)
020 ## - INTERNATIONAL STANDARD BOOK NUMBER
International Standard Book Number 0826488439 (pbk.)
050 00 - LIBRARY OF CONGRESS CALL NUMBER
Classification number PR478.M6
Item number M618 2009
082 00 - DEWEY DECIMAL CLASSIFICATION NUMBER
Classification number 820.9/112
Edition information 22
245 04 - TITLE STATEMENT
Title The modernism handbook /
Statement of responsibility, etc. edited by Philip Tew and Alex Murray.
260 ## - PUBLICATION, DISTRIBUTION, ETC.
Place of publication, distribution, etc. London ;
-- New York :
Name of publisher, distributor, etc. Continuum,
Date of publication, distribution, etc. c2009.
300 ## - PHYSICAL DESCRIPTION
Extent xviii, 248 p. :
Other physical details ill. ;
Dimensions 24 cm.
650 #0 - SUBJECT ADDED ENTRY--TOPICAL TERM
Topical term or geographic name entry element English literature
Chronological subdivision 20th century
General subdivision History and criticism
Form subdivision Handbooks, manuals, etc.
650 #0 - SUBJECT ADDED ENTRY--TOPICAL TERM
Topical term or geographic name entry element Modernism (Literature)
Geographic subdivision Great Britain
Form subdivision Handbooks, manuals, etc.
700 1# - ADDED ENTRY--PERSONAL NAME
Personal name Tew, Philip.
700 1# - ADDED ENTRY--PERSONAL NAME
Personal name Murray, Alex,
Dates associated with a name 1980-
856 41 - ELECTRONIC LOCATION AND ACCESS
Materials specified Table of contents only
Uniform Resource Identifier <a href="http://www.loc.gov/catdir/toc/ecip0822/2008028879.html">http://www.loc.gov/catdir/toc/ecip0822/2008028879.html</a>
942 ## - ADDED ENTRY ELEMENTS (KOHA)
Source of classification or shelving scheme Library of Congress Classification
Koha item type Books
Suppress in OPAC No
999 ## -
-- 1649
-- 1649
Holdings
Withdrawn status Lost status Source of classification or shelving scheme Damaged status Not for loan Collection Home library Current library Shelving location Date acquired Total checkouts Full call number Barcode Date last seen Copy number Price effective from Koha item type
    Library of Congress Classification     Non-fiction Business Library (Miotso) Business Library (Miotso) General stacks 03/27/2026   PR478 .M6 MOD BSSM00003800 04/24/2026 2 03/27/2026 Books
    Library of Congress Classification     Non-fiction Business Library (Miotso) Business Library (Miotso) General stacks 03/27/2026   PR478 .M6 MOD BSSM00003908 04/24/2026 3 03/27/2026 Books
    Library of Congress Classification     Non-fiction Business Library (Miotso) Business Library (Miotso) General stacks 03/27/2026   PR478 .M6 MOD BSSM00003909 04/24/2026 4 03/27/2026 Books
    Library of Congress Classification     Fiction Undergraduate Library (Christ Temple) Undergraduate Library (Christ Temple) General stacks 11/27/2024   PR478.M6 MOD ulct00000396 11/27/2024 1 11/27/2024 Books
© 2023-2024 Copyright: Central University Libraries. All Rights Reserved | Created by: Mahone Tech Office